Statistics for Премијери Србије

Click here to take the quiz!

General Stats

  • This quiz has been taken 152 times
    (5 since last reset)
  • The average score is 19 of 107

Answer Stats

МандатПремијер% Correct
2024−Милош Вучевић
100%
2017−2024Ана Брнабић
100%
2014−2017Александар Вучић
100%
2001−2003Зоран Ђинђић
100%
2008−2012Мирко Цветковић
75%
2004−2008Војислав Коштуница
75%
2012−2014 | 2017 (в.д.) | 2024 (в.д.)Ивица Дачић
75%
1891−1892 | 1904−1905 | 1906−1908 | +2 othersНикола Пашић
50%
1810−1811Јаков Ненадовић
50%
1811−1813Карађорђе Петровић
50%
1826−1829Димитрије Давидовић
50%
1852−1853 | 1861−1867Илија Гарашанин
50%
1872−1873Миливоје Петровић Блазнавац
50%
1884−1887Милутин Гарашанин
50%
1805−1807Матеја Ненадовић
50%
2003−2004Зоран Живковић
50%
1889Коста Протић
25%
2003 (в.д.)Небојша Човић
25%
1867 | 1873 | 1878−1880 | 1887−1888Јован Ристић
25%
1900−1901Алекса Јовановић
25%
1858−1859Стеван Магазиновић
25%
1941−1944Милан Недић
25%
1948−1953Петар Стамболић
25%
1953−1957Јован Веселинов
25%
1840−1842Ђорђе Протић
25%
2003 (в.д.)Жарко Кораћ
25%
1821−1826Јеврем Обреновић
25%
1978−1982Иван Стамболић
25%
1974−1978Душан Чкребић
25%
1875Данило Стефановић
0%
1874−1875Аћим Чумић
0%
1873−1874Јован Мариновић
0%
1994−2000Мирко Марјановић
0%
1869−1872Радивоје Милојковић
0%
1868−1869Ђорђе Ценић
0%
2000−2001Миломир Минић
0%
1860−1861Филип Христић
0%
1826Милоје Тодоровић
0%
1859−1860Цветко Рајовић
0%
1856 (в.д.) | 1857−1858Стефан Марковић
0%
1843−1844 | 1853−1855 | 1856−1857Алекса Симић
0%
1855−1856Алекса Јанковић
0%
1839−1840 | 1842−1843 | 1844−1852Аврам Петронијевић
0%
1875 | 1876−1878Стевча Михаиловић
0%
1840 (в.д.)Паун Јанковић
0%
1836−1839 (в.д.)Стефан Стефановић Тенка
0%
1807−1810 | 1813−1814Младен Миловановић
0%
1835−1836Коца Марковић
0%
1815−1816Петар Николајевић Молер
0%
1875−1876Љубомир Каљевић
0%
1989−1991Станко Радмиловић
0%
1880−1883Милан Пироћанац
0%
1911−1912Милован Миловановић
0%
1982−1986Бранислав Иконић
0%
1969−1974Миленко Бојанић
0%
1967−1969Ђурица Јојкић
0%
1964−1967Драги Стаменковић
0%
1964 (в.д.)Стеван Дороњски
0%
1962−1964Слободан Пенезић Крцун
0%
1957−1962Милош Минић
0%
1945−1948Благоје Нешковић
0%
1941Милан Аћимовић
0%
1991Драгутин Зеленовић
0%
1912Марко Трифковић
0%
1895−1896 | 1909Стојан Новаковић
0%
1993−1994Никола Шаиновић
0%
1902 | 1908−1909Петар Велимировић
0%
1888 | 1889−1891 | 1893−1894 | +2 othersСава Грујић
0%
1905−1906Љубомир Стојановић
0%
1892−1893 | 1903Јован Авакумовић
0%
1991−1993Радоман Божовић
0%
1901−1902Михаило Вујић
0%
1897−1900Владан Ђорђевић
0%
1894 | 1896−1897Ђорђе Симић
0%
1867−1868 | 1883−1884 | 1888−1889 | 1894−1895Никола Христић
0%
1894Светомир Николајевић
0%
1893Лазар Докић
0%
1986−1989Десимир Јевтић
0%
1902−1903Димитрије Цинцар-Марковић
0%

Score Distribution

Percentile by Number Answered

Percent of People with Each Score

Your Score History

You have not taken this quiz since the last reset